Ambivalence of Nationlism (Record no. 1101338)

MARC details
000 -LEADER
fixed length control field 00912nam a2200277Ia 4500
003 - CONTROL NUMBER IDENTIFIER
control field OSt
005 - DATE AND TIME OF LATEST TRANSACTION
control field 20221006153745.0
008 - FIXED-LENGTH DATA ELEMENTS--GENERAL INFORMATION
fixed length control field 221006b |||||||| |||| 00| 0 eng d
020 ## - INTERNATIONAL STANDARD BOOK NUMBER
International Standard Book Number 0819177261
037 ## - SOURCE OF ACQUISITION
Terms of availability Annuals, Advances
040 ## - CATALOGING SOURCE
Original cataloging agency EASL
Transcribing agency EASL
Language of cataloging eng
041 ## - LANGUAGE CODE
Source of code eng
Language code of text/sound track or separate title eng
100 ## - MAIN ENTRY--PERSONAL NAME
Personal name White James W. Ed.
9 (RLIN) 665295
245 #0 - TITLE STATEMENT
Title Ambivalence of Nationlism
Remainder of title Modern Japan between east and west
260 ## - PUBLICATION, DISTRIBUTION, ETC.
Place of publication, distribution, etc. Lanham
Name of publisher, distributor, etc. University press of America
Date of publication, distribution, etc. 1990
300 ## - PHYSICAL DESCRIPTION
Extent vii,267p.
Dimensions cm.
490 ## - SERIES STATEMENT
Volume/sequential designation JEL
700 ## - ADDED ENTRY--PERSONAL NAME
Personal name Havens Thomas R.H. Ed.
9 (RLIN) 665296
700 ## - ADDED ENTRY--PERSONAL NAME
Personal name Umegaki Michio Ed.
9 (RLIN) 665297
942 ## - ADDED ENTRY ELEMENTS (KOHA)
Classification part V42:19.N45<-M68, N0
Koha item type Reference
Source of classification or shelving scheme Colon Classification (CC)
Holdings
Withdrawn status Lost status Source of classification or shelving scheme Damaged status Not for loan Home library Current library Date acquired Source of acquisition Serial Enumeration / chronology Total Checkouts Full call number Barcode Date last seen Price effective from Koha item type
    Colon Classification (CC)     Department of East Asian Studies Library Department of East Asian Studies Library 2022-10-06 Gift, Shinnyo-en JEL   V42:19.N45<-M68 N0 EA1393895 2022-10-06 2022-10-06 Reference
Copyright @ Delhi University Library System